| 000 | 00954nam a2200217Ia 4500 | ||
|---|---|---|---|
| 999 |
_c39024 _d39024 |
||
| 001 | 5535 | ||
| 003 | GE_BSU | ||
| 005 | 20190502135327.0 | ||
| 008 | 181216s1974||||ge |||||||||||||| ||geo|| | ||
| 040 | _cGE_BSU | ||
| 041 | _ageo | ||
| 080 | _a625.745.12(075.8) ბ-71 | ||
| 100 |
_aბისეიშვილი,მ. _9647 |
||
| 245 |
_aხიდები საავტომობილო გზებზე პირველი ნაწილი : _bსახელმძღვ. / _cმ. ბისეიშვილი ; რედ. ლ. მაღულარია. |
||
| 264 |
_aთბილისი : _bგანათლება, _c1974. |
||
| 300 |
_a182 გვ. : _bილ. ; _c20 სმ. |
||
| 505 | _aბიბლიოგრ. : გვ.179. | ||
| 653 | _aხიდები საავტომობილო გზებზე | ||
| 700 |
_aმაღულარია, ლ. _eრედაქტორი _9648 |
||
| 942 |
_cBK _2udc |
||